Великий термінологічний словник школяра (Запис № 17547)

000 -Маркер запису
Контрольне поле сталої довжини 01161nam a22002537a 4500
003 - Належність контрольного номера
Контрольне поле Uzh_bibl
008 - Кодовані дані
Контрольне поле сталої довжини 260428b |||||||| |||| 00| 0 ukr d
020 ## - Індекс ISBN
ISBN 966-8114-28-0
Ціна 15,00
040 ## - Джерело каталогіз.
Код мови каталог. укр.
041 ## - Код мови видання
Код мови оригіналу українська
Код мови тексту українська
080 ## - Індекс УДК
Індекс УДК 030
090 ## - Шифри
Поличний індекс 030
Авторський знак В 27
100 ## - Автор
Автор -
245 ## - Назва
Назва Великий термінологічний словник школяра
Продовж. назви Для учнів 5-11 класів
Відповідальність Гол. ред. Р.М, Дерев'янченко
Фізичний носій Текст
260 ## - Вихідні дані
Місце видання Харків
Видавництво Видавництво "Школа"
Дата видання 2004
300 ## - Фізичний опис
Обсяг 720 с.
Ілл./тип відтвор. іл.
Тип одиниці В опр.
520 ## - Анотація
Анотація Пропонований словник містить усі основні терміни (поняття) із сучасних курсів шкільних наук, передбачених Міністерством освіти і науки України.
521 ## - Примітка про цільове призначення
Примітка про цільове призначення Для широкого кола читачів
546 ## - Примітка про мову
Примітка про мову укр.
650 ## - Тематичні рубрики
Основна рубрика Довідкове видання
653 ## - Ключові слова
Ключові слова Мова
-- Математика
-- Хімія
655 ## - Термін індексування — жанр/форма
Жанр/форма Довідкова література
Типове ділення Словник
942 ## - ADDED ENTRY ELEMENTS (KOHA)
Джерело класифікації чи схема поличного розташування
Koha item type Книги
Фонди
Статус вилучення Статус втрати/відсутності Джерело класифікації чи схема поличного розташування Статус пошкодження Тип обігу (не для випозичання) Постійне розташування Поточне розташування Розташування у відділі Дата надходження Інвентарний номер Total Checkouts Повний (примірниковий) шифр зберігання Штрих-код Date last seen Дата, для якої чинна ціна заміни Тип одиниці (рівень примірника)
          Бібліотека-філія №2 Бібліотека-філія №2 Абонемент старший відділ 28/04/2026 52757   030 19745 28/04/2026 28/04/2026 Книги

Працює на АБІС Коха